000 00240nam a22001097a 4500
082 _a629.41 GAT'S
100 _aGATLAND, K. W
_980034
245 _aSPACECRAFT AND BOOSTERS
260 _aLONDON
_bILIFFE
_c1964
300 _a296P
942 _cBK
999 _c585011
_d585011